[Event "New York op"]
[Site "New York"]
[Date "1991.??.??"]
[Round "1"]
[White "Tataev, Manach"]
[Black "De Firmian, Nick E"]
[Result "1-0"]
[WhiteElo "2275"]
[BlackElo "2575"]

1.d4 Nf6 2.c4 e6 3.Nc3 Bb4 4.e3 b6 5.Nf3 Bb7 6.Be2 Ne4 7.Bd2 Bxc3 8.Bxc3 Nxc3
9.bxc3 O-O 10.O-O d6 11.a4 Nc6 12.Nd2 Na5 13.Nb3 Nxb3 14.Qxb3 a5 15.Rfe1 Qg5
16.Bf1 Bc6 17.e4 e5 18.c5 bxc5 19.dxc5 dxc5 20.Bb5 Qg6 21.Qc4 Rad8 22.Qxc5 Bxe4
23.Bf1 Qf5 24.Qxa5 Rd6 25.Re3 Bd5 26.c4 Rf6 27.Qe1 Bc6 28.Rxe5 Qf4 29.Qe3 Qg4
30.Rg5 Qd7 31.Qg3 g6 32.a5 Qd4 33.Re1 Ra8 34.Rge5 Kg7 35.Qe3 Qb2 36.f3 Ra6
37.Qc1 Qd4+ 38.Qe3 Qb2 39.Qf2 Qc3 40.Qc5 Ra8 41.h4 h5 42.R1e3 Qb2 43.Qa3 Qd4
44.Qc3 Qxh4 45.Re7 Qg3 46.R3e6 Qg5 47.Rxc6 Rxa5 48.Qxf6+ Qxf6 49.Rxf6 Kxf6
50.Rxc7 h4 51.Kf2  1-0

[Event "New York op"]
[Site "New York"]
[Date "1991.??.??"]
[Round "3"]
[White "Markzon, Gregory"]
[Black "De Firmian, Nick E"]
[Result "1/2-1/2"]
[WhiteElo "2235"]
[BlackElo "2575"]

1.e4 c5 2.Nf3 d6 3.d4 cxd4 4.Nxd4 Nf6 5.Nc3 a6 6.Bg5 e6 7.f4 Be7 8.Qf3 Qc7
9.O-O-O Nbd7 10.g4 b5 11.Bxf6 Nxf6 12.g5 Nd7 13.f5 Nc5 14.g6 hxg6 15.fxg6 fxg6
16.b4 Na4 17.Nxa4 bxa4 18.e5 dxe5 19.Bd3 Bg5+ 20.Kb1 Bf4 21.Qxa8 exd4 22.Bxg6+ Ke7
23.Rhf1 e5 24.Qe4 Qc4 25.Rxf4 Qxb4+  1/2-1/2

[Event "New York op"]
[Site "New York"]
[Date "1991.??.??"]
[Round "4"]
[White "De Firmian, Nick E"]
[Black "McCarthy, Brian"]
[Result "1-0"]
[WhiteElo "2575"]
[BlackElo "2250"]

1.e4 g6 2.d4 Bg7 3.Nc3 c6 4.f4 d5 5.e5 h5 6.Nf3 Bg4 7.h3 Bxf3 8.Qxf3 e6 9.g3 Nh6
10.Be3 Nf5 11.Bf2 Nd7 12.O-O-O Bf8 13.Bd3 Qa5 14.g4 Ng7 15.f5 gxf5 16.gxf5 Bb4
17.f6 Nf5 18.Bxf5 Bxc3 19.Bxe6 Bxb2+ 20.Kxb2 fxe6 21.f7+ Kd8 22.Bh4+ Kc7
23.Be7 b5 24.Rhg1 c5 25.dxc5 Qb4+ 26.Ka1 Nxc5 27.Bd6+ Kc6 28.Qe3 Rhd8 29.Rd4 Qa5
30.Bxc5 Kxc5 31.Ra4+ d4 32.f8=Q+  1-0

[Event "New York op"]
[Site "New York"]
[Date "1991.??.??"]
[Round "5"]
[White "Kristensen, Bjarke"]
[Black "De Firmian, Nick E"]
[Result "0-1"]
[WhiteElo "2375"]
[BlackElo "2575"]

1.d4 Nf6 2.Nf3 e6 3.e3 c5 4.c4 d5 5.Nc3 Nc6 6.Bd3 cxd4 7.exd4 Be7 8.O-O O-O
9.Re1 dxc4 10.Bxc4 b6 11.Bf4 Bb7 12.a3 Na5 13.Ba2 Rc8 14.Qd3 Nd5 15.Bd2 Nxc3
16.Bxc3 Bd5 17.Bxd5 Qxd5 18.Rad1 Nc4 19.h3 Rfd8 20.Nh2 Bd6 21.Nf1 Bb8 22.Re4 Ne5
23.Qb1 Ng6 24.Rde1 Nf4 25.Bd2 Nxg2 26.R1e2 f5 27.Rxe6 Nh4 28.f4 Nf3+ 29.Kf2 Nxd4  0-1

[Event "New York op"]
[Site "New York"]
[Date "1991.??.??"]
[Round "6"]
[White "De Firmian, Nick E"]
[Black "Ritter, Mark"]
[Result "1-0"]
[WhiteElo "2575"]
[BlackElo "2260"]

1.e4 e5 2.Nf3 Nc6 3.Bb5 g6 4.d4 exd4 5.Bg5 f6 6.Bh4 Bg7 7.Nxd4 Nge7 8.Nc3 O-O
9.O-O Kh8 10.f4 a6 11.Nxc6 bxc6 12.Bc4 d6 13.Bb3 Qe8 14.Qd3 a5 15.Rae1 Ba6
16.Bc4 Bxc4 17.Qxc4 Rb8 18.b3 Qd7 19.Qd3 Rbe8 20.f5 c5 21.g4 Nc6 22.Bg3 Nb4
23.Qd2 Rd8 24.Nd5 gxf5 25.gxf5 Qf7 26.c3 Nc6 27.Qg2 Bh6 28.Bh4 Bg5 29.Bxg5 fxg5
30.Kh1 Rg8 31.f6 Rde8 32.Rf5 Re5 33.Ref1 g4 34.R1f4 Rxf5 35.Rxf5 Rg6 36.Qg3 Nd8
37.Qh4 Qe6 38.Ne7 Qxe4+ 39.Kg1 Qe3+ 40.Qf2 Qc1+ 41.Kg2 g3 42.Nxg6+ hxg6 43.Qxg3  1-0

[Event "New York op"]
[Site "New York"]
[Date "1991.??.??"]
[Round "8"]
[White "De Firmian, Nick E"]
[Black "Zlotnikov, Mikhail"]
[Result "1-0"]
[WhiteElo "2575"]
[BlackElo "2330"]

1.e4 g6 2.d4 Bg7 3.Nc3 d6 4.f4 c6 5.Nf3 Bg4 6.Be3 d5 7.e5 Nh6 8.h3 Nf5 9.Bf2 Bxf3
10.Qxf3 e6 11.g4 Ne7 12.Bd3 Nd7 13.O-O-O c5 14.dxc5 Qa5 15.Bb5 Nc6 16.h4 a6
17.Bxc6 bxc6 18.h5 O-O-O 19.Rd4 Nxc5 20.Kb1 Kc7 21.a3 Rb8 22.Ka2 Qb6 23.Rb4 Qa5
24.Rd4 Qb6 25.Rb1 a5 26.h6 Bxh6 27.f5 Rhc8 28.Qh3 Bg5 29.Qxh7 Nd7 30.fxe6 Nc5
31.Rxd5  1-0

[Event "Las Vegas op"]
[Site "Las Vegas"]
[Date "1992.??.??"]
[Round "?"]
[White "De Firmian, Nick E"]
[Black "Saidy, Anthony Fred"]
[Result "0-1"]
[WhiteElo "2570"]
[BlackElo "2370"]

1.e4 e6 2.d4 d5 3.Nc3 dxe4 4.Nxe4 Bd7 5.Nf3 Bc6 6.Bd3 Nd7 7.O-O Ngf6 8.Qe2 Be7
9.c4 Nxe4 10.Bxe4 Bxe4 11.Qxe4 c6 12.Bf4 O-O 13.Rad1 Qa5 14.a3 Nf6 15.Qc2 Rfd8
16.Rfe1 Rac8 17.Ne5 Rxd4 18.Bd2 Qc7 19.Bc3 Rxd1 20.Qxd1 Rd8 21.Qf3 Bc5 22.Qf4 Ne8
23.b4 Bf8 24.Qe3 c5 25.Qe2 Nd6 26.b5 Nf5 27.h3 Nd4 28.Qb2 f6 29.Ng4 Qf4 30.Nh2 Qf5
31.Nf1 Qd3 32.Ne3 Bd6 33.Kh1 Bf4 34.Rd1 Qe4 35.Nf1 e5 36.a4 Re8 37.a5 Re7
38.f3 Qf5 39.Qf2 Qe6 40.Qa2 Nxb5 41.Rd8+ Kf7 42.Qc2 Qxc4 43.Kg1 g6 44.Qd1 Nxc3
45.Qd6 Qd4+  0-1

[Event "Las Vegas op"]
[Site "Las Vegas"]
[Date "1992.??.??"]
[Round "?"]
[White "Levitt, Jonathan"]
[Black "De Firmian, Nick E"]
[Result "0-1"]
[WhiteElo "2465"]
[BlackElo "2570"]

1.d4 Nf6 2.c4 e6 3.Nf3 c5 4.e3 d5 5.Nc3 Nc6 6.a3 cxd4 7.exd4 Be7 8.Bd3 dxc4
9.Bxc4 O-O 10.O-O b6 11.Qd3 Bb7 12.Rd1 Rc8 13.Bg5 Nd5 14.Bxd5 Bxg5 15.Be4 g6
16.Nxg5 Qxg5 17.Qe3 Qxe3 18.fxe3 Na5 19.Bxb7 Nxb7 20.Rac1 Nd6 21.b3 Kg7 22.Kf1 Rc7
23.Na2 Rd7 24.Ke2 Rfd8 25.Rc2 Ne4 26.Nc3 Nxc3+ 27.Rxc3 e5 28.Rcd3 exd4 29.Rxd4 Rxd4
30.exd4 Kf6 31.Kd3 Ke6 32.Re1+ Kd6 33.g4 Rf8 34.h4 f5 35.Rf1 Kd5 36.gxf5 Rxf5
37.Rxf5+ gxf5 38.Ke3 a5 39.h5 b5 40.h6 f4+ 41.Kxf4 Kxd4 42.Kf5 Kc3 43.Kf6 Kxb3
44.Kg7 Kxa3 45.Kxh7 b4 46.Kg7 b3 47.h7 b2 48.h8=Q b1=Q 49.Qf8+ Qb4 50.Qf3+ Qb3
51.Qf1 Qc3+ 52.Kh6 a4 53.Qb1 Qd2+ 54.Kg6 Qb2 55.Qd1 Qb6+ 56.Kf7 Qc7+ 57.Kg6 Qc6+
58.Kg7 Kb2 59.Qd2+ Qc2 60.Qb4+ Ka2 61.Kf8 a3 62.Ke8 Qd3 63.Kf8 Qf3+ 64.Ke7 Qe2+
65.Kf8 Qb2 66.Qc4+ Kb1 67.Qf1+ Kc2 68.Qf2+ Kc3 69.Qe3+ Kc4 70.Qe6+ Kd4 71.Qd6+ Ke4
72.Qg6+ Kd5 73.Qf7+ Ke5 74.Qe7+ Kf5 75.Qd7+ Kg5 76.Qd8+ Kf4 77.Qd6+ Kf3 78.Qd5+ Kf2
79.Qc5+ Kf1 80.Qc4+ Kg1 81.Ke7 a2 82.Qg4+ Kf1 83.Qf3+ Qf2 84.Qh1+ Ke2 85.Qa1 Kd3
86.Ke8 Qc2  0-1

[Event "Biel op"]
[Site "Biel"]
[Date "1993.??.??"]
[Round "3"]
[White "Lutz, Klaus Juergen"]
[Black "De Firmian, Nick E"]
[Result "0-1"]
[WhiteElo "2325"]
[BlackElo "2545"]

1.e4 c5 2.b4 cxb4 3.a3 d5 4.exd5 Qxd5 5.Nf3 e5 6.axb4 Bxb4 7.c3 Be7 8.Na3 Nf6
9.Nb5 Qd8 10.Nxe5 Nc6 11.Nxc6 bxc6 12.Qf3 Bd7 13.Nd4 O-O 14.Ba6 Qc7 15.h3 c5
16.Nf5 Qe5+ 17.Ne3 Bd6 18.Be2 Bc7 19.Nc4 Qe6 20.Qe3 Ne4 21.O-O Rfe8 22.Bd3 f5
23.Re1 Qd5 24.Qf3 Bb5 25.Nb2 c4 26.Bf1 Bb6 27.Nd1 f4 28.Qxf4 Nxf2 29.Ne3 Nd3
30.Bxd3 Qxd3 31.Kh1 Re4 32.Qg5 Bc6 33.Bb2 Qxd2 34.Rad1 Rxe3 35.Rxd2 Rxh3+  0-1

[Event "Biel op"]
[Site "Biel"]
[Date "1993.??.??"]
[Round "4"]
[White "De Firmian, Nick E"]
[Black "Gallagher, Joseph G"]
[Result "1/2-1/2"]
[WhiteElo "2545"]
[BlackElo "2515"]

1.e4 c5 2.Nc3 d6 3.Nf3 Nf6 4.d4 cxd4 5.Nxd4 a6 6.f4 e6 7.Bd3 b5 8.Qe2 Bb7
9.a4 b4 10.Nd1 d5 11.e5 Ne4 12.Nf2 Bc5 13.Be3 Qb6 14.a5 Qa7 15.Rd1 Nc6 16.Nxc6 Bxc6
17.Bxc5 Qxc5 18.O-O O-O 19.Kh1 Nxf2+ 20.Rxf2 f5 21.exf6 Rxf6 22.Rdf1 Raf8
23.Bxa6 Qxa5 24.Bd3 Qc7 25.h3 Qd6 26.Qh5 g6 27.Qg5 d4 28.Kg1 b3 29.cxb3 Bd5
30.h4 Bxb3 31.h5 Qd5 32.hxg6 hxg6 33.Qg3 Kg7 34.Re1 Qc6 35.Qg5 Bd5 36.Qe5 Kg8
37.Qxd4 Qc7 38.Ref1 Qh7 39.Qe5 Qh4 40.Qg5 Qh7 41.b4 Qh5 42.b5 Kg7 43.b6 R6f7
44.Qxh5 gxh5 45.f5 Rb8 46.f6+ Kh6 47.Rb1 Kg5 48.Rb5 Rxf6 49.Be4 Rxf2 50.Kxf2 Kf4
51.Bxd5 exd5 52.Rb4+ Ke5 53.b7 Kd6 54.Ke3 Kc6 55.Kd4 h4 56.Rb3 Rxb7 57.Rxb7 Kxb7
58.Kxd5 Kc7 59.Ke6 Kd8 60.Kf5 h3 61.gxh3 Ke7 62.Kg6 Kf8  1/2-1/2

[Event "Biel op"]
[Site "Biel"]
[Date "1993.??.??"]
[Round "5"]
[White "Wahls, Matthias"]
[Black "De Firmian, Nick E"]
[Result "1/2-1/2"]
[WhiteElo "2480"]
[BlackElo "2545"]

1.e4 c5 2.Nf3 d6 3.d4 cxd4 4.Nxd4 Nf6 5.Nc3 e6 6.f4 e5 7.Nf3 Nbd7 8.a4 Be7
9.Bd3 O-O 10.O-O exf4 11.Bxf4 Qb6+ 12.Kh1 Qxb2 13.Qe1 Nc5 14.Rb1 Nxd3 15.cxd3 Qc2
16.Rd1 Qb3 17.Rb1 Qc2 18.d4 Re8 19.Rf2 Qd3 20.Rc1 Bf8 21.Re2 Be6 22.Re3  1/2-1/2

[Event "Farum op"]
[Site "Farum"]
[Date "1993.??.??"]
[Round "1"]
[White "Pedersen, H."]
[Black "De Firmian, Nick E"]
[Result "0-1"]
[WhiteElo "2245"]
[BlackElo "2545"]

1.e4 c5 2.c3 Nf6 3.e5 Nd5 4.d4 cxd4 5.Nf3 Nc6 6.Bc4 Nb6 7.Bb3 d5 8.exd6 Qxd6
9.O-O Be6 10.Na3 Bxb3 11.axb3 a6 12.Nxd4 Nxd4 13.Be3 Nf5 14.Qxd6 Nxd6 15.Bxb6 Rc8
16.b4 e6 17.Rfd1 Be7 18.Bc5 Ne4 19.Bxe7 Kxe7 20.Rd4 Nd6 21.Rad1 Rhd8 22.Kf1 b5
23.Ke2 g5 24.h4 h6 25.hxg5 hxg5 26.g4 f6 27.Nc2 Nc4 28.Rxd8 Rxd8 29.Nd4 Rd6
30.b3 Ne5 31.f3 Kf7 32.Ke3 Kg6 33.Rh1 Kg7 34.Rc1 Rb6 35.c4 bxc4 36.bxc4 Rxb4
37.c5 Kf7 38.Ra1 a5 39.c6 Rc4  0-1

[Event "Farum op"]
[Site "Farum"]
[Date "1993.??.??"]
[Round "2"]
[White "De Firmian, Nick E"]
[Black "Nilsson, Lars Kjoller"]
[Result "1-0"]
[WhiteElo "2545"]
[BlackElo "2260"]

1.e4 c5 2.Nf3 d6 3.d4 cxd4 4.Nxd4 Nf6 5.Nc3 Nc6 6.Bc4 e6 7.Be3 a6 8.Bb3 Na5
9.f4 Qc7 10.f5 e5 11.Nde2 b5 12.Nd5 Nxd5 13.Bxd5 Bb7 14.Bxb7 Qxb7 15.Nc3 Rc8
16.Nd5 Qc6 17.c3 Nc4 18.Qe2 Be7 19.O-O Nxe3 20.Qxe3 Bd8 21.Kh1 h5 22.b3 h4
23.h3 Rh5 24.f6 g6 25.a4 Rb8 26.axb5 Rxb5 27.c4 Rb7 28.Rfc1 a5 29.c5 Rb8
30.Rc3 Kf8 31.Rac1 Qa6 32.c6 Bb6 33.c7  1-0

[Event "Farum op"]
[Site "Farum"]
[Date "1993.??.??"]
[Round "5"]
[White "Thuesen, Mogens"]
[Black "De Firmian, Nick E"]
[Result "0-1"]
[WhiteElo "2280"]
[BlackElo "2545"]

1.d4 Nf6 2.c4 c5 3.d5 e6 4.Nc3 exd5 5.cxd5 d6 6.e4 g6 7.f4 Bg7 8.Bb5+ Nbd7
9.e5 dxe5 10.fxe5 Nh5 11.e6 Qh4+ 12.g3 Nxg3 13.hxg3 Qxh1 14.Be3 Bxc3+ 15.bxc3 a6
16.exd7+ Bxd7 17.Bxd7+ Kxd7 18.Qf3 Qxf3 19.Nxf3 Rae8 20.Kf2 Re4 21.Bxc5 Rhe8
22.Re1 Rxe1 23.Nxe1 b6 24.Bxb6 Kd6 25.Nc2 Kxd5 26.Ne3+ Ke4 27.a4 f5 28.a5 h5
29.c4 Kd3 30.Kf3 Re4 31.Ng2 g5 32.c5 Re2 33.c6 g4+ 34.Kf4 Rxg2 35.c7 Rc2
36.Kxf5 Rc6 37.Ke5 Kc4 38.Kf4 Kd5 39.Kg5 Ke4 40.Kxh5 Kf3  0-1

[Event "Farum op"]
[Site "Farum"]
[Date "1993.??.??"]
[Round "6"]
[White "De Firmian, Nick E"]
[Black "Ahlander, Bjorn"]
[Result "1-0"]
[WhiteElo "2545"]
[BlackElo "2415"]

1.e4 c5 2.Nf3 e6 3.d4 cxd4 4.Nxd4 Nf6 5.Nc3 d6 6.g3 Be7 7.Bg2 O-O 8.O-O Nc6
9.a4 Bd7 10.h3 Nxd4 11.Qxd4 Qc7 12.Be3 a6 13.Rfd1 Rfc8 14.a5 Bc6 15.Qd2 Nd7
16.Ra2 b5 17.axb6 Nxb6 18.b3 Nd7 19.Bd4 Bb7 20.Na4 Bc6 21.c4 Qb7 22.Qc2 Nc5
23.Nxc5 dxc5 24.Bc3 Rd8 25.Raa1 Rxd1+ 26.Rxd1 Rb8 27.Rb1 Rd8 28.Be5 Qd7 29.Ra1 Bb7
30.Qb2 f6 31.Bc3 Qd3 32.Re1 Kf7 33.h4 Rd7 34.Kh2 Bc6 35.Re3 Qd6 36.e5 Qc7
37.exf6 Bxf6 38.Bxf6 gxf6 39.Qe2 Bxg2 40.Qh5+ Kg7 41.Qg4+ Kf8 42.Qxe6 Qc6
43.Qe8+ Kg7 44.Re6 Qb7 45.Rb6 Qxb6 46.Qxd7+ Kg6 47.Kxg2 Qxb3 48.Qe8+ Kg7
49.Qe7+ Kg8 50.Qxc5 Qb7+ 51.f3 Qb2+ 52.Kh3 Qb7 53.Kg4 Kg7 54.Kf4 Qb8+ 55.Kf5 Qb1+
56.Ke6 Qe1+ 57.Kd7 Qxg3 58.Qe7+ Kg6 59.Qe4+ Kg7 60.c5 Qh3+ 61.Qg4+ Qxg4+
62.fxg4  1-0

[Event "Farum op"]
[Site "Farum"]
[Date "1993.??.??"]
[Round "8"]
[White "De Firmian, Nick E"]
[Black "Danielsen, Henrik"]
[Result "1/2-1/2"]
[WhiteElo "2545"]
[BlackElo "2445"]

1.e4 c6 2.d4 d5 3.Nd2 dxe4 4.Nxe4 Bf5 5.Ng3 Bg6 6.h4 h6 7.Nf3 Nd7 8.h5 Bh7
9.Bd3 Bxd3 10.Qxd3 e6 11.Bf4 Qa5+ 12.Bd2 Qc7 13.O-O-O Ngf6 14.Ne4 O-O-O 15.g3 Nxe4
16.Qxe4 Bd6 17.c4 c5 18.Bc3 Nf6 19.Qe2 cxd4 20.Nxd4 a6 21.Nf3 Rd7 22.Ne5 Bxe5
23.Bxe5 Qa5 24.Bxf6 Rxd1+ 25.Rxd1 gxf6 26.a3 Qg5+ 27.Kc2 Qf5+ 28.Kb3 Rg8
29.Rd4 Rd8 30.Rf4 Qg5 31.Qf3 f5 32.c5 Rd5 33.Qc3 Qd8 34.Kc2 Qc7 35.Rc4 Qe5
36.Qxe5 Rxe5 37.Kd2 Kc7 38.b4 Rd5+ 39.Kc2 Kc6 40.Rf4 Re5 41.Kc3 Re1 42.Rd4 Ra1
43.Kb3 Rf1 44.Rd2 Kc7 45.a4 Rh1 46.b5 axb5 47.axb5 Rxh5 48.b6+ Kc8 49.Ra2 Rh1
50.Ra8+ Kd7 51.Kc4 Rc1+  1/2-1/2

[Event "Wichern op"]
[Site "Hamburg"]
[Date "1993.??.??"]
[Round "2"]
[White "De Firmian, Nick E"]
[Black "Von Alvensleben, Wolfram"]
[Result "1-0"]
[WhiteElo "2545"]
[BlackElo "2235"]

1.e4 c6 2.d4 d5 3.Nd2 dxe4 4.Nxe4 Nf6 5.Nxf6+ gxf6 6.c3 Bf5 7.Nf3 e6 8.g3 Be4
9.Bg2 Bd6 10.O-O h5 11.Re1 f5 12.Bg5 Bxf3 13.Qd2 Be7 14.Bxe7 Qxe7 15.Bxf3 Nd7
16.c4 O-O-O 17.d5 Qd6 18.Qe3 exd5 19.cxd5 c5 20.Qe7 Qxe7 21.Rxe7 f6 22.d6 h4
23.b4 hxg3 24.hxg3 Rhe8 25.Rae1 Ne5 26.d7+  1-0

[Event "Wichern op"]
[Site "Hamburg"]
[Date "1993.??.??"]
[Round "5"]
[White "De Firmian, Nick E"]
[Black "Wahls, Matthias"]
[Result "1/2-1/2"]
[WhiteElo "2545"]
[BlackElo "2480"]

1.e4 d5 2.exd5 Qxd5 3.Nc3 Qa5 4.d4 c6 5.Nf3 Nf6 6.Bc4 Bf5 7.O-O e6 8.Bf4 Nbd7
9.a3 Be7 10.Ne5 O-O 11.Re1 Nxe5 12.Bxe5 Qb6 13.Na4 Qa5 14.Nc3 Qb6 15.Na4 Qd8
16.Bd3 Bxd3 17.Qxd3 Nd7 18.Bg3 Qa5 19.Nc3 Nf6 20.Rad1 Rad8 21.Re5 b5 22.Bh4 Rfe8
23.Ne4 Nxe4 24.Rxe4 Rd5 25.h3 Qc7 26.Bxe7 Rxe7  1/2-1/2

[Event "Wichern op"]
[Site "Hamburg"]
[Date "1993.??.??"]
[Round "6"]
[White "Reeh, Oliver"]
[Black "De Firmian, Nick E"]
[Result "1/2-1/2"]
[WhiteElo "2435"]
[BlackElo "2545"]

1.e4 c5 2.Nf3 d6 3.d4 cxd4 4.Nxd4 Nf6 5.Nc3 a6 6.f4 e5 7.Nf3 Nbd7 8.a4 Be7
9.Bd3 O-O 10.O-O exf4 11.Kh1 Ne5 12.Bxf4 Bg4 13.Be2 Bxf3 14.Bxf3 Rc8 15.Be2 Re8
16.Bd3 Qd7 17.Bxe5 dxe5 18.Qe2 Bb4 19.Nd1 Bc5 20.Rxf6 gxf6 21.Nc3 Rc6 22.Rf1 f5
23.exf5 f6 24.Ne4 Kh8 25.b3 Bf8 26.Qh5 Rd8 27.g4 Qg7 28.g5 Be7 29.gxf6 Bxf6
30.Rg1 Qe7 31.Bc4 Rf8 32.Qg4 Rcc8 33.Be6 Rcd8 34.c3 b5 35.axb5 axb5 36.h3 Bg7
37.Rg2 Ra8 38.Qh5 Bf6 39.Qh6 Bg7 40.Qh5 Bf6 41.Kh2 Rad8 42.Qh6 Bg7 43.Qh5 Bf6  1/2-1/2

[Event "Wichern op"]
[Site "Hamburg"]
[Date "1993.??.??"]
[Round "7"]
[White "De Firmian, Nick E"]
[Black "Putzbach, Gerd"]
[Result "1-0"]
[WhiteElo "2545"]
[BlackElo "2275"]

1.d4 d5 2.Nf3 Nf6 3.Bg5 Ne4 4.Bf4 c5 5.e3 Nc6 6.Nbd2 e6 7.Bd3 Nxd2 8.Qxd2 c4
9.Be2 b5 10.O-O Bb7 11.a4 a6 12.b3 Be7 13.Rfb1 cxb3 14.axb5 axb5 15.Bxb5 b2
16.Rxa8 Qxa8 17.Qc3 O-O 18.Qxb2 f6 19.c4 dxc4 20.Bxc4 Nd8 21.Bxe6+ Kh8 22.Ra1 Nxe6
23.Rxa8 Rxa8 24.Bg3 Bd5 25.h4 f5 26.Qb5 Bxf3 27.gxf3 f4 28.Qc6 Ra1+ 29.Kg2 fxg3
30.Qxe6 Bf8 31.Qe8 Kg8 32.fxg3 Ra2+ 33.Kh3 Rf2 34.d5 Rxf3 35.d6 g5 36.hxg5 Kg7
37.d7 Bd6 38.d8=Q Rxg3+ 39.Kh4  1-0

[Event "Wichern op"]
[Site "Hamburg"]
[Date "1993.??.??"]
[Round "8"]
[White "Teske, Henrik"]
[Black "De Firmian, Nick E"]
[Result "0-1"]
[WhiteElo "2475"]
[BlackElo "2545"]

1.Nf3 c5 2.g3 Nc6 3.Bg2 g6 4.c4 Bg7 5.Nc3 d6 6.O-O e5 7.d3 Nge7 8.a3 O-O
9.Rb1 a5 10.Bd2 Rb8 11.Ne1 Be6 12.Nc2 d5 13.cxd5 Nxd5 14.Nxd5 Bxd5 15.Bxd5 Qxd5
16.Ne3 Qe6 17.Qc1 Nd4 18.Re1 Nb3 19.Qc2 a4 20.Rbd1 b5 21.Bc1 f5 22.Nf1 f4
23.Nd2 Nd4 24.Qxc5 Rbc8 25.Qb4 Qh3 26.Qe7 f3 27.exf3 Rxf3 28.Ne4 Rf5 29.f4 Rh5
30.Rd2 Nf3+ 31.Kf2 Nxe1 32.Nd6 Qg2+ 33.Ke3 Qf3+  0-1

[Event "Las Vegas op"]
[Site "Las Vegas"]
[Date "1993.??.??"]
[Round "6"]
[White "De Firmian, Nick E"]
[Black "Bisguier, Arthur Bernard"]
[Result "0-1"]
[WhiteElo "2560"]
[BlackElo "2365"]

1.e4 e5 2.Nf3 Nc6 3.Bb5 Nf6 4.O-O Nxe4 5.d4 Nd6 6.Bxc6 dxc6 7.dxe5 Nf5 8.Qxd8+ Kxd8
9.Nc3 h6 10.b3 Be6 11.Bb2 a5 12.a4 Bb4 13.Rad1+ Kc8 14.h3 Bxc3 15.Bxc3 c5
16.g4 Ne7 17.Nd2 Nd5 18.Ne4 Nf4 19.Kh2 h5 20.Kg3 Ne2+ 21.Kg2 hxg4 22.hxg4 Bxg4
23.Rh1 Rxh1 24.Rxh1 b6 25.Bb2 Kb7 26.Ng5 Rd8 27.Bc1 Nd4 28.Rh7 f6 29.exf6 gxf6
30.Nh3 Bf3+ 31.Kh2 Ne2 32.Nf4 Nxc1 33.Ne6 Rc8 34.Kg3 Bd5 35.Nf4 Rg8+ 36.Kh4 Be4  0-1

[Event "New York op"]
[Site "New York"]
[Date "1993.??.??"]
[Round "2"]
[White "Fang, Joseph"]
[Black "De Firmian, Nick E"]
[Result "1-0"]
[WhiteElo "2330"]
[BlackElo "2560"]

1.d4 Nf6 2.c4 e6 3.Nc3 Bb4 4.Bg5 h6 5.Bh4 c5 6.Rc1 cxd4 7.Qxd4 Nc6 8.Bxf6 gxf6
9.Qd2 b6 10.a3 Bxc3 11.Rxc3 Bb7 12.Rh3 Qc7 13.Nf3 h5 14.e3 Ne5 15.Be2 Nxf3+
16.gxf3 h4 17.Rg1 f5 18.Qd4 e5 19.Qd3 d6 20.Qxf5 Qe7 21.Rg4 Kf8 22.f4 Bc8
23.Qe4 Rb8 24.f5 Bb7 25.Rgxh4 Rg8 26.Qd3 Rd8 27.Rh8 d5 28.e4 Qg5 29.Rxg8+ Qxg8
30.cxd5 Qg5 31.Qd2 Qg1+ 32.Bf1 Ke7 33.Qb4+ Kf6 34.Rh6+ Kg7 35.Qe7 Kxh6 36.Qxd8  1-0

[Event "New York op"]
[Site "New York"]
[Date "1993.??.??"]
[Round "3"]
[White "De Firmian, Nick E"]
[Black "Umezinwa, George"]
[Result "1-0"]
[WhiteElo "2560"]
[BlackElo "2325"]

1.e4 c5 2.Nf3 d6 3.d4 cxd4 4.Nxd4 Nf6 5.Nc3 Nc6 6.Bc4 e6 7.Be3 a6 8.Bb3 Qc7
9.O-O Be7 10.f4 O-O 11.f5 Nxd4 12.Bxd4 b5 13.a3 e5 14.Be3 Bb7 15.Qf3 Bc6
16.Bg5 Rac8 17.Bxf6 Bxf6 18.Rad1 Rfd8 19.Nd5 Bxd5 20.Rxd5 Qb6+ 21.Kh1 Rc5
22.c3 Rxd5 23.Bxd5 Rd7 24.g3 Kf8 25.h4 h6 26.Kg2 Qc5 27.Kh3 a5 28.Qd3 Rd8
29.Qd2 Rb8 30.g4 Bd8 31.g5 hxg5 32.hxg5 Bb6 33.f6 Qe3+ 34.Qxe3 Bxe3 35.Kg4 b4
36.axb4 axb4 37.Rh1 Kg8 38.g6 Bh6 39.Bxf7+ Kf8 40.Rxh6 gxh6 41.Bd5  1-0

[Event "New York op"]
[Site "New York"]
[Date "1993.??.??"]
[Round "4"]
[White "Klein, E."]
[Black "De Firmian, Nick E"]
[Result "0-1"]
[WhiteElo "2345"]
[BlackElo "2560"]

1.d4 Nf6 2.c4 e6 3.Nc3 Bb4 4.Qc2 O-O 5.a3 Bxc3+ 6.Qxc3 b6 7.Bg5 Bb7 8.f3 d6
9.Nh3 h6 10.Bh4 Nbd7 11.O-O-O Re8 12.e3 d5 13.cxd5 exd5 14.Bd3 c5 15.g4 Ne4
16.Qe1 Ng5 17.Bxg5 hxg5 18.Kb1 Rc8 19.Bb5 Bc6 20.Bxc6 Rxc6 21.dxc5 Nxc5 22.Qd2 Rh6
23.Nf2 Rhe6 24.e4 Qf6 25.Qxd5 Qxf3 26.Rhf1 Nxe4 27.Ka1 Re5 28.Qc6 Nd2 29.Qxf3 Nxf3
30.Nd3 Re3 31.Rf2 Rd8  0-1

[Event "New York op"]
[Site "New York"]
[Date "1993.??.??"]
[Round "5"]
[White "De Firmian, Nick E"]
[Black "Fernandes, Antonio"]
[Result "1/2-1/2"]
[WhiteElo "2560"]
[BlackElo "2455"]

1.e4 c6 2.d4 d5 3.Nc3 dxe4 4.Nxe4 Nd7 5.Ng5 Ndf6 6.N1f3 Bg4 7.h3 Bxf3 8.Nxf3 e6
9.g3 Bd6 10.Bg2 Ne7 11.O-O O-O 12.Qe2 Qc7 13.c4 b6 14.b3 Rad8 15.Bb2 Rfe8
16.Rad1 Nd7 17.Ng5 Ng6 18.Qf3 Nb8 19.h4 h6 20.Ne4 Be7 21.Qg4 Nd7 22.h5 f5
23.Qe2 Ngf8 24.Nc3 Bf6 25.Qf3 Rc8 26.Rfe1 a6 27.g4 fxg4 28.Qxg4 Bg5 29.Qh3 Nf6
30.Ne2 N8h7 31.Rf1 Bf4 32.Nxf4 Qxf4 33.Bc1 Qf5 34.Rfe1 Qxh5 35.Qxh5 Nxh5
36.Bh3 Nf8 37.d5 cxd5 38.cxd5 Rcd8 39.dxe6 Rxd1 40.Rxd1 Nxe6 41.Be3 Nef4
42.Bd7 Re5 43.Bxb6 Nf6 44.Bc7 Rg5+ 45.Kf1 N6d5 46.Bxf4 Nxf4 47.Rd4 Rg1+ 48.Kxg1 Ne2+
49.Kf1 Nxd4 50.b4 Kf7 51.Bc8 Nc2 52.Bxa6 Nxb4  1/2-1/2

[Event "New York op"]
[Site "New York"]
[Date "1993.??.??"]
[Round "9"]
[White "Kudrin, Sergey"]
[Black "De Firmian, Nick E"]
[Result "1/2-1/2"]
[WhiteElo "2575"]
[BlackElo "2560"]

1.e4 c5 2.Nf3 d6 3.d4 cxd4 4.Nxd4 Nf6 5.Nc3 a6 6.g3 Nc6 7.Bg2 Bd7 8.O-O e6
9.Nxc6 Bxc6 10.a4 Be7 11.a5 O-O 12.Be3 Nd7 13.Na4 Qc7 14.Nb6 Nxb6 15.Bxb6 Qd7
16.c4 f5 17.Re1 Bxe4 18.Bxe4 fxe4 19.Rxe4 Bf6 20.Qe2 Rae8 21.Rd1 d5 22.cxd5 exd5
23.Rxd5 Qc6 24.b3 h6 25.Rxe8 Rxe8 26.Qc4 Qxc4 27.bxc4 Kf7 28.Rd7+ Re7 29.Rxe7+ Kxe7
30.Kg2 h5 31.Kf3 Ke6 32.Ke4 g6 33.h3 Bc3 34.g4 hxg4 35.hxg4 Be1 36.f3 Bc3
37.f4 Bf6 38.Bd4 Bd8 39.Bc3 Bc7 40.f5+ gxf5+ 41.gxf5+ Ke7 42.Kd5 Bf4 43.Kd4 Bg3
44.Ke4 Bc7 45.Kf3 Kf7 46.Kg4 Bd8 47.Kh5 Bc7 48.Kg5 Bd8+ 49.Kf4 Bc7+ 50.Ke3 Ke7
51.Kd3 Kf8 52.c5 Ke8 53.Ke3 Ke7 54.Ke4 Ke8 55.f6 Kf8 56.Kd4 Ke8 57.Kc4 Kf8
58.c6 bxc6 59.Kc5 Kf7 60.Kxc6  1/2-1/2

[Event "World op"]
[Site "Philadelphia"]
[Date "1993.??.??"]
[Round "?"]
[White "Rind, Bruce"]
[Black "De Firmian, Nick E"]
[Result "0-1"]
[WhiteElo "2365"]
[BlackElo "2545"]

1.c4 c5 2.g3 Nc6 3.Bg2 g6 4.Nc3 Bg7 5.Nf3 e5 6.O-O d6 7.a3 Nge7 8.Rb1 a5
9.d3 O-O 10.Bd2 Rb8 11.Ne1 Be6 12.Nc2 Nd4 13.b4 axb4 14.axb4 b6 15.Ne3 h5
16.Ned5 Nxd5 17.Nxd5 h4 18.e3 h3 19.Bh1 Nf5 20.bxc5 dxc5 21.Qf3 Nd6 22.Rfc1 f5
23.Qe2 Bf7 24.Qf1 e4 25.Bc3 Bxd5 26.cxd5 Bxc3 27.Rxc3 Qf6 28.Rcc1 exd3 29.Qxd3 c4
30.Qf1 b5 31.Qxh3 b4 32.Qf1 Rfe8 33.Bf3 b3 34.Bd1 Qe5 35.Bxb3 Rxb3 36.Rxc4 Nxc4
37.Rxb3 Nd2 38.Qa6  0-1

[Event "US op"]
[Site "Philadelphia"]
[Date "1993.??.??"]
[Round "?"]
[White "Yermolinsky, Alex"]
[Black "De Firmian, Nick E"]
[Result "1/2-1/2"]
[WhiteElo "2605"]
[BlackElo "2545"]

1.Nf3 c5 2.c4 Nf6 3.Nc3 Nc6 4.g3 b6 5.Bg2 Bb7 6.O-O e6 7.e4 d6 8.d4 cxd4
9.Nxd4 Nxd4 10.Qxd4 Be7 11.b3 O-O 12.Bb2 Qc7 13.Rac1 Rfd8 14.Rfe1 Rac8 15.Nd1 Bc6
16.Ne3 Qb7 17.Nc2 Qa8 18.Qe3 Bb7 19.Re2 h6 20.Rce1 Nd7 21.Qd2 a6 22.Nd4 Nc5
23.Qd1 Bf8 24.Qb1 Qb8 25.Rd2 b5 26.cxb5 axb5 27.b4 Na4 28.a3 e5 29.Nf5 Nb6
30.Ne3 Qa8 31.Red1 Re8 32.Qd3 Nc4 33.Re2 Nxe3 34.Qxe3 Rc4 35.f3 Rec8 36.Red2 Be7
37.h4 Rc2 38.Bh3 R8c7 39.Bf1 Qa4 40.Rxc2 Rxc2 41.Rd2 Rxd2 42.Qxd2 Bc6 43.Be2 Qa8
44.Kg2 Qb7 45.Bd1 Bd7 46.Bb3 Be6 47.Qc2 Bxb3 48.Qxb3 Qc6 49.h5 Bg5 50.Qd3 Kf8
51.a4 bxa4  1/2-1/2

[Event "World op"]
[Site "Philadelphia"]
[Date "1993.??.??"]
[Round "1"]
[White "De Firmian, Nick E"]
[Black "Schiller, Eric"]
[Result "1-0"]
[WhiteElo "2545"]
[BlackElo "2245"]

1.e4 c6 2.d4 d5 3.Nc3 dxe4 4.Nxe4 Bf5 5.Ng3 Bg6 6.h4 h6 7.Nf3 Nd7 8.h5 Bh7
9.Bd3 Bxd3 10.Qxd3 e6 11.Bf4 Bb4+ 12.c3 Be7 13.O-O Ngf6 14.c4 Qa5 15.a3 b5
16.b3 Rc8 17.Ne5 Nxe5 18.dxe5 Nd7 19.Rfd1 Nb6 20.Ne4 O-O 21.Qg3 Kh7 22.Bd2 Qa6
23.Bb4 c5 24.Qd3 Kh8 25.cxb5 Qb7 26.Bc3 c4 27.bxc4 Rxc4 28.Bd4 Rd8 29.Nd6 Bxd6
30.Bxb6 Rg4 31.Qh3 Qxb6 32.Qxg4 Bxe5 33.Rxd8+ Qxd8 34.Rd1 Qb6 35.a4 Qc5 36.Qe4 Bc7
37.g4 Bb6 38.Qf3 Qg5 39.Kf1 Qc5 40.Rd7 Qc4+ 41.Kg2 f6 42.a5 Qxb5 43.Qa8+ Kh7
44.Qe4+  1-0